000 01609nam a22002657a 4500
999 _c58357
_d58357
003 Ge_BSU
005 20211125115206.0
008 211125s2021 ge ||||| |||| 00| 0 geo d
020 _a9789941330582
041 _ageo
080 _a330.1 ე-46
245 _aეკონომიკის ხელახალი გააზრება :
_bშესავალი პლურარისტულ ეკონომიკაში /
_cრედ. : ლილიან ფიშერი, ჯო ჰასელი, ჯ. კრისტოფერ პროქტორი და სხვ.; მთარგმნ. და მთავ. რედაქტორი ასლან მახაძე.
264 _aთბილისი :
_bუნივერსალი,
_c2021.
300 _a203 გვ.
_b25 სმ.
500 _aსაძიებელიგვ. 200-203
504 _aბიბლიოგრ. თავების ბოლოს
653 _aეკონომიკა
653 _aპლურარისტულ ეკონომიკაში შესავალი
700 _aფიშერი, ლილიან
_eრედაქტორი
_913024
700 _aჰასელი, ჯო
_eრედაქტორი
_913025
700 _aჯ. კრისტოფერ პროქტორ და სხვ.
_eრედაქტორი
_913026
700 _aმახაძე, ასლან
_eმთარგმნელი
_913027
700 _aმახაძე, ასლან
_eრედაქტორი
_913027
942 _2udc
_cBK